| 000 | 01794nam a22002537a 4500 | ||
|---|---|---|---|
| 999 |
_c801 _d801 |
||
| 003 | OSt | ||
| 005 | 20190930222807.0 | ||
| 008 | 160822b xxu||||| |||| 00| 0 esp d | ||
| 040 |
_cDO-SdBJH _aDO-SdBJH _bspa |
||
| 090 |
_aTG EGEA _b00579 2012 |
||
| 100 | 1 |
_aRodríguez Rosario, Elca E. _esustentante |
|
| 245 | 1 | 0 |
_aAnálisis de las capacidades y limitaciones de la Fuerza Aérea Dominicana en la aplicación de planes de repuestas en casos de emergencias (terremotos, huracanes e inundaciones) en la República Dominicana, en el período 2006-2011 / _cElca E. Rodríguez Rosario, asesores José Antonio De los Santos Sánchez, Eddy B. Ceballos Guzmán |
| 260 |
_aSanto Domingo : _bINSUDE, _c2012 |
||
| 300 | _axvii, 85 páginas, ilustraciones-cuadros y gráficas | ||
| 502 | _aTesis (Especialidad en Comando y Estado Mayor Aéreo). -- Instituto Superior para la Defensa (INSUDE). Escuela de Graduados de Estudios Aeronáuticos, 2012. | ||
| 504 | _aIncluye referencias bibliográficas e índices | ||
| 505 | _aCapacidad de respuesta que posee la Fuerza Aérea Dominicana ante emergencias. -- Planes de Contingencia que posee la Fuerza Aérea Dominicana. -- Nivel de conocimientos y preparación que poseen actualmente los miembros de la Fuerza Aérea Dominicana para llevar a cabo las operaciones de emergencias. | ||
| 650 | 4 | _aFuerza Aérea Dominicana. Escuela de Graduados -- Capacidad de respuesta en emergencias | |
| 650 | 4 | _aLimitación y capacidad -- Casos de emergencia -- Terremotos -- Huracanes -- inundaciones (República Dominicana) | |
| 700 | 1 |
_aDe los Santos Sánchez, José Antonio _easesor |
|
| 700 | 1 |
_aCeballos Guzmán, Eddy B. _e asesor |
|
| 830 | _aINSUDE. Escuela de Graduados de Estudios Aeronáuticos. Tesis y disertaciones académicas | ||
| 942 |
_2CL _cT |
||